000
00251nam a2200097Ia 4500
001
723046
005
20250826163323.0
008
250824s9999 xx 000 0 und d
245
0
_a
BULUTLARDAKİ ŞEHİR
_c
TONY ABBOTT
260
_b
ALTIN KİTAPLAR YAYINLARI
999
_c
723046
_d
723046